<?xml version="1.0" encoding="utf-8"?>
<?xml-stylesheet type='text/xsl' href='./oai2.xsl'?>
<OAI-PMH xmlns="http://www.openarchives.org/OAI/2.0/" xmlns:xsi="http://www.w3.org/2001/XMLSchema-instance" xsi:schemaLocation="http://www.openarchives.org/OAI/2.0/ http://www.openarchives.org/OAI/2.0/OAI-PMH.xsd">
  <responseDate>2026-05-15T19:19:35Z</responseDate>
  <request verb="GetRecord" metadataPrefix="marcxml" identifier="record_kuniweb_24459">https://kulturerbe.niedersachsen.de/oai</request>
  <GetRecord>
    <record>
      <header>
        <identifier>record_kuniweb_24459</identifier>
        <datestamp>2021-03-24T08:59:20Z</datestamp>
        <setSpec>slg0130</setSpec>
      </header>
      <metadata>
        <marc:record xmlns:marc="http://www.loc.gov/MARC21/slim" xsi:schemaLocation="http://www.loc.gov/MARC21/slim http://www.loc.gov/standards/marcxml/schema/MARC21slim.xsd">
          <marc:leader>12345nrm  22     uu 4500</marc:leader>
          <marc:controlfield tag="001">24459</marc:controlfield>
          <marc:controlfield tag="003">http://kuniweb.gbv.de</marc:controlfield>
          <marc:controlfield tag="005">2014-10-29T18:49:55</marc:controlfield>
          <marc:controlfield tag="008">|           ||||||||||||||||||||||</marc:controlfield>
          <marc:datafield tag="245" ind1="1" ind2="0">
            <marc:subfield code="a">Feinwaage (Münzwaage)</marc:subfield>
          </marc:datafield>
          <marc:datafield tag="655" ind1=" " ind2="7">
            <marc:subfield code="a">Alltagskultur</marc:subfield>
          </marc:datafield>
          <marc:datafield tag="046" ind1=" " ind2=" ">
            <marc:subfield code="k">1780</marc:subfield>
            <marc:subfield code="k">1780 - 1789</marc:subfield>
            <marc:subfield code="l">1789</marc:subfield>
          </marc:datafield>
          <marc:datafield tag="260" ind1=" " ind2=" ">
            <marc:subfield code="g">1780</marc:subfield>
            <marc:subfield code="g">1789</marc:subfield>
            <marc:subfield code="g">1780 - 1789</marc:subfield>
          </marc:datafield>
          <marc:datafield tag="300" ind1=" " ind2=" ">
            <marc:subfield code="a">Breite: 6,5 cm (Holzkasten)
Gewicht: 15,9 g (Feinwaage)
Durchmesser: 3,5 cm (Waagschalen)
Länge: 11 cm (Feinwaage)
Höhe: 14,5 cm (Feinwaage)
Länge: 13 cm (Holzkasten)</marc:subfield>
          </marc:datafield>
          <marc:datafield tag="520" ind1=" " ind2=" ">
            <marc:subfield code="a">Holzkasten mit Feinwaage und Gewichten (13 Stück, quadratisch, plus 8 kleine Plättchen ), hergestellt von Joh. Pet. Braselmann aus Wichlinghausen in Oberbarmen. Die Gewichte weisen mit einer Ausnahme jeweils rechts oben ein springendes Pferd auf. Lediglich das Gewicht mit der Aufschrift GUL (oder GUD) weist 3 andere Punzen auf.
Gewichtsbzeichnungen und Gewichte:
GUL (GUD?): 3,3 g
1/4 CARLIN: 2,4 g
1/2 CARLIN: 4,9 g
1 CARLIN: 9,7 g
1 DUCAT: 3,5 g
1 DUCAT: 3,5 g
1/2 SEVER: 5,5 g
1 SEVER: 11,1 g
1/2 MAXD: 3,3 g
1 MAXD: 6,5 g
1/2 PISTOL: zw. 3,3 und 3,4 g
1 PISTOL: 6,7 g
2 PISTOL: 13,4 g

1. Gewicht: GUL 3,3 g


 (Oberharzer Bergwerksmuseum)

Beschriftung / Aufdruck:
178 (Deckel, Innenseite)

Beschriftung / Aufdruck:
JUSTIRT (Deckel, Innenseite)

Beschriftung / Aufdruck:
Waag und Gewicht macht von Ihro Churfürstl. Durchl. zu Pfaltz gnädigst privil. examiniert und geschworner Ichtmacher JOH PET. BRASELMANN aus Wichlinghausen in Oberbarmen. (Deckel, Innenseite)</marc:subfield>
          </marc:datafield>
          <marc:datafield tag="650" ind1="1" ind2=" ">
            <marc:subfield code="a">Messgerät, Anzeigegerät, Datenschreiber &gt; Waage &gt; Feinwaage</marc:subfield>
          </marc:datafield>
          <marc:datafield tag="650" ind1="1" ind2=" ">
            <marc:subfield code="a">Feinwaagen</marc:subfield>
          </marc:datafield>
          <marc:datafield tag="773" ind1="0" ind2=" ">
            <marc:subfield code="t">Silber und Münzwesen</marc:subfield>
          </marc:datafield>
          <marc:datafield tag="852" ind1=" " ind2=" ">
            <marc:subfield code="a">Oberharzer Bergwerksmuseum</marc:subfield>
          </marc:datafield>
          <marc:datafield tag="852" ind1=" " ind2=" ">
            <marc:subfield code="a">Wichlinghausen</marc:subfield>
          </marc:datafield>
          <marc:datafield tag="" ind1=" " ind2=" ">
            <marc:subfield code="a">Namensnennung - Weitergabe unter gleichen Bedingungen 4.0 International (CC BY-SA 4.0)</marc:subfield>
          </marc:datafield>
        </marc:record>
      </metadata>
    </record>
  </GetRecord>
</OAI-PMH>
